| 000 | 00615cam a22002053a 4500 | ||
|---|---|---|---|
| 001 | 40852 | ||
| 003 | PGUSA | ||
| 005 | 20140828083919.0 | ||
| 008 | 120924s2012||||xxu|||||s|||||000 | eng d | ||
| 040 |
_aPGUSA _beng |
||
| 042 | _adc | ||
| 100 | 1 |
_aPound, Ezra, _d1885-1972 |
|
| 245 | 1 | 0 |
_aInstigations : _bTogether with An Essay on the Chinese Written Character _h[electronic resource] / _cEzra Pound |
| 260 |
_bProject Gutenberg, _c2012 |
||
| 506 | _aPublic domain in the USA. | ||
| 516 | _aElectronic text | ||
| 830 | 0 |
_aProject Gutenberg _v40852 |
|
| 856 | 4 | 0 | _uhttp://www.gutenberg.org/ebooks/40852 |
| 942 | _cEB | ||
| 999 |
_c270104 _d270104 |
||